Sports Quiz

Random Sports or Soccer Quiz

Football Ups and Downs 2016/17 Quiz Stats

Quiz not verified by Sporcle

Challenge
Share
Tweet
Embed
Score 0/24 Timer 04:00
0 Plays Today
Hint Answer % Correct
Championship (Promoted)Newcastle United
96.5%
Premier League (Relegated)Sunderland
96.3%
Championship (Promoted)Brighton and Hove Albion
93.7%
Premier League (Relegated)Hull City
93.5%
Championship (Promoted)Huddersfield Town
92.4%
Premier League (Relegated)Middlesbrough
84.2%
Championship (Relegated)Blackburn Rovers
70.1%
League Two (Promoted)Portsmouth
67.7%
League One (Promoted)Sheffield United
65.5%
Championship (Relegated)Rotherham United
65.2%
Championship (Relegated)Wigan Athletic
65.2%
League One (Promoted)Millwall
58.2%
Hint Answer % Correct
League One (Promoted)Bolton Wanderers
57.6%
League Two (Promoted)Blackpool
53%
League Two (Promoted)Plymouth Argyle
51.8%
League Two (Relegated)Hartlepool United
48.5%
National League (Promoted)Lincoln City
47.3%
National League (Promoted)Forest Green Rovers
46.2%
League Two (Relegated)Leyton Orient
45.6%
League Two (Promoted)Doncaster Rovers
42.3%
League One (Relegated)Coventry City
37.9%
League One (Relegated)Swindon Town
31.5%
League One (Relegated)Chesterfield
30.3%
League One (Relegated)Port Vale
25.9%

You're not logged in!

Compare scores with friends on all Sporcle quizzes.
Sign Up with Email
OR
Log In

You Might Also Like...

Show Comments

Extras

Top Quizzes Today


Score Distribution

Your Account Isn't Verified!

In order to create a playlist on Sporcle, you need to verify the email address you used during registration. Go to your Sporcle Settings to finish the process.